| 000 | 00870nam a2200229 i 4500 | ||
|---|---|---|---|
| 001 | 152984 | ||
| 003 | ES-MaACL | ||
| 005 | 20230906204949.0 | ||
| 008 | 931025s1657 sp |||| | spa d | ||
| 100 | 1 |
_aCarrillo, Alonso (abogado) _9151866 |
|
| 245 | 1 | 0 |
_aOrigen de la dignidad de Grande de Castilla ... / _cpor don Alonso Carrillo ... |
| 260 |
_aEn Madrid : _ben la Imprenta Real, _c1657. |
||
| 300 |
_a[4], 52 h. ; _cFol. |
||
| 530 | _aDisponible también en sitio web. | ||
| 596 | _aMarca tip. en port. | ||
| 597 | _aSign.: [ ]4, A-Z², 2A-2C². | ||
| 597 | _aAntep. | ||
| 597 | _aTexto con apostillas marginales. | ||
| 650 | 0 | 4 |
_aNobleza- _xEspaña. _915578 |
| 852 |
_aES-MaACL _jR-3393(2) _z-- Enc. pasta española |
||
| 856 |
_uhttp://bibliotecadigitalhispanica.bne.es:80/webclient/DeliveryManager?pid=1865570&custom_att_2=simple_viewer _zIr a la página |
||
| 999 |
_c152984 _d152984 |
||